Normal view MARC view
  • Romans Siqués, María Mercé

Entry Nombre Personal

Number of records used in: 3

001 - NUMERO DE CONTROL

  • campo de control: 32634

003 - IDENTIFICADOR DE NUMERO DE CONTROL

  • campo de control: UPN

005 - FECHA Y HORA DE LA ÜLTIMA TRANSACCIÓN

  • campo de control: 20210219194435.0

008 - DATOS DE LONGITUD FIJA

  • campo de control de longitud fija: nabaccnnaabn|||||||||| b |nc|||||d

035 ## - NUMERO DE CONTROL

  • Número de control: UPN11000004741

040 ## - FUENTE DE CATALOGACIÓN

  • Lenguaje de catalogación: SPA
  • Agencia de transcripción: UPN

100 1# - ENCABEZAMIENTO - NOMBRE PERSONAL

  • Nombre personal: Romans Siqués, María Mercé

670 ## - FUENTE EN LA QUE SE LOCALIZARON DATOS

  • Cita de la fuente: T
  • Uniform Resource Identifier: http://books.google.com.mx/books/about/As%C3%AD_Aprendemos_Los_Adultos.html?id=_Pu3PAAACAAJ&redir_esc=y

902 ## - CATALOGADOR

  • Catalogador: CAA/221012